Herby gmin powiatu poznańskiego - Statystyki

Ogólne statystyki
  • Ten quiz został rozwiązany 10 razy
  • Średni wynik to 4 z 17
Statystyki odpowiedzi
Obrazkowy Odpowiedź % Poprawnych
Luboń
50%
Tarnowo Podgórne
50%
Buk
38%
Dopiewo
38%
Kórnik
38%
Swarzędz
38%
Mosina
25%
Puszczykowo
25%
Czerwonak
13%
Komorniki
13%
Kostrzyn
13%
Murowana Goślina
13%
Pobiedziska
13%
Stęszew
13%
Suchy Las
13%
Kleszczewo
0%
Rokietnica
0%
Nie znaleziono quizów pasujących do podanych kryteriów
Rozkład punktacji
Procent ludzi z każdym wynikiem
Percentyl według liczby udzielonych odpowiedzi
Twoja historia wyników
Nie rozwiązałeś tego quizu